[Event "Ä13Ï"]
[Site "Loo"]
[Date "2017.04.24"]
[Round "5.10"]
[White "Âèåðó, ßíà."]
[Black "Áàðàíîâà, Åëèçàâåòà."]
[Result "0-1"]
[WhiteElo "1350"]
[BlackElo "1632"]
[PlyCount "76"]
[EventDate "2017.04.20"]

1. d4 Nf6 2. c4 e6 3. g3 g6 4. Bg2 Bg7 5. Nf3 d5 6. O-O O-O 7. Qc2 b6 8. b3 Bb7
9. Bb2 Nbd7 10. Nc3 Rc8 11. Rfd1 c5 12. Ba3 a6 13. e3 Re8 14. Ne2 dxc4 15. bxc4
Qc7 16. Rac1 Red8 17. Bb2 Be4 18. Qd2 Qc6 19. d5 exd5 20. cxd5 Qxd5 21. Qc3 Qc6
22. Rxd7 Bxf3 23. Rxd8+ Rxd8 24. Bxf3 Qxf3 25. Re1 Qd5 26. Qa3 Qc4 27. Nc3 Ng4
28. h3 Ne5 29. Kg2 Nd3 30. Rd1 Bxc3 31. Qxc3 Qxc3 32. Bxc3 Nf4+ 33. gxf4 Rxd1
34. Bf6 c4 35. Kf3 Rd2 36. a3 Ra2 37. f5 gxf5 38. a4 f4 0-1

[Event "Ä13Ï"]
[Site "Loo"]
[Date "2017.04.24"]
[Round "5.11"]
[White "Ìíåÿí, Ðèïñèìå."]
[Black "Ãóáàðåâà, Ñîôèÿ."]
[Result "0-1"]
[WhiteElo "1345"]
[BlackElo "1574"]
[PlyCount "126"]
[EventDate "2017.04.20"]

1. e4 e6 2. d4 d5 3. e5 c5 4. c3 Nc6 5. Nf3 Qb6 6. Be2 cxd4 7. cxd4 Nge7 8. Na3
Nf5 9. Nc2 Bd7 10. h3 Bb4+ 11. Kf1 h5 12. Rg1 Be7 13. g4 hxg4 14. hxg4 Nh4 15.
Rh1 Ng6 16. Rxh8+ Nxh8 17. a3 f6 18. exf6 gxf6 19. b4 O-O-O 20. Bf4 Ng6 21. Bg3
Rh8 22. Rc1 Rh1+ 23. Ng1 Kd8 24. b5 Na5 25. Nb4 Bd6 26. Nc6+ bxc6 27. Bxd6 Ke8
28. bxc6 Nxc6 29. Qc2 Kf7 30. Bc5 Qc7 31. Bf3 Rh6 32. Qd2 Qf4 33. Qxf4 Nxf4 34.
a4 Nd3 35. Rd1 Nxc5 36. dxc5 Ne5 37. a5 Rh8 38. Rc1 Rc8 39. Be2 Rc7 40. f3 Ba4
41. Ke1 Nd7 42. c6 Rxc6 43. Ra1 Nc5 44. Nh3 Rc7 45. Rb1 Rb7 46. Rc1 Rc7 47. Rb1
Bc2 48. Rb2 Nd3+ 49. Bxd3 Bxd3 50. Nf4 Ba6 51. Kf2 Rc4 52. Kg3 Rc5 53. Ra2 e5
54. Ng2 Rc3 55. Kf2 Ke6 56. Ne3 d4 57. Nf5 Bb7 58. f4 Rf3+ 59. Ke2 Rxf4 60. Nh6
Ba6+ 61. Kd1 Rf1+ 62. Kd2 Rf2+ 63. Kd1 Rxa2 0-1

[Event "Ä13Ï"]
[Site "Loo"]
[Date "2017.04.24"]
[Round "5.12"]
[White "Äîí÷åíêî, Åêàòåðèíà."]
[Black "Êàëóñòîâà, Ìàðèíà."]
[Result "0-1"]
[WhiteElo "1534"]
[BlackElo "1242"]
[PlyCount "156"]
[EventDate "2017.04.20"]

1. d4 d5 2. Nf3 Bf5 3. Bf4 Nf6 4. e3 e6 5. Nbd2 Nbd7 6. Be2 c6 7. c4 Qb6 8. Qb3
Be7 9. h3 h6 10. c5 Qxb3 11. axb3 O-O 12. b4 Ne4 13. O-O Bf6 14. Nb3 Rfe8 15.
Na5 b6 16. cxb6 axb6 17. Nb3 c5 18. Rxa8 Rxa8 19. bxc5 bxc5 20. Bb5 c4 21. Ra1
Rxa1+ 22. Nxa1 Nf8 23. Ba4 Ng6 24. Bh2 Nh4 25. Ne5 Ng6 26. g4 Nxe5 27. dxe5 Bh4
28. gxf5 Bxf2+ 29. Kf1 Bxe3 30. fxe6 fxe6 31. Nc2 Bc1 32. b3 cxb3 33. Nd4 b2
34. Bc2 b1=Q 35. Bxb1 Nd2+ 36. Ke1 Nxb1 37. Nxe6 Ba3 38. Nc7 d4 39. Nb5 Bc5 40.
Bg1 Bb4+ 41. Ke2 Nc3+ 42. Nxc3 dxc3 43. Kd3 Kf7 44. Bd4 Ke6 45. Kc2 Kd5 46. Kd3
g5 47. e6 Kxe6 48. Bg7 h5 49. Bh6 g4 50. hxg4 hxg4 51. Bf4 Kf5 52. Bd2 Ke6 53.
Bf4 Kd5 54. Bc7 Kc5 55. Bg3 Kb5 56. Bc7 Ka4 57. Kc2 Ka3 58. Bg3 Ka4 59. Bc7 Kb5
60. Kd3 Kc5 61. Bg3 Kd5 62. Bc7 Ke6 63. Bg3 Kf5 64. Bc7 Kg5 65. Bg3 Kh5 66. Kc2
Kg5 67. Kd3 Kf5 68. Bc7 Kg5 69. Bg3 Kf5 70. Bc7 Ke6 71. Bg3 Bd6 72. Bf2 Be5 73.
Bh4 Kf5 74. Be1 Kf4 75. Bh4 g3 76. Be7 g2 77. Bc5 Kg3 78. Bg1 Kh3 0-1

[Event "Ä13Ï"]
[Site "Loo"]
[Date "2017.04.24"]
[Round "5.13"]
[White "Ëîáàíîâà, Ìèëàíà."]
[Black "Ìàòòåó, Ñîôèÿ."]
[Result "1-0"]
[WhiteElo "1454"]
[BlackElo "1346"]
[PlyCount "78"]
[EventDate "2017.04.20"]

1. c4 c5 2. Nc3 e6 3. e4 Nc6 4. Nf3 g6 5. d4 cxd4 6. Nxd4 Bg7 7. Ndb5 d5 8.
cxd5 exd5 9. Nxd5 Be5 10. Bf4 Bxf4 11. Nxf4 Qa5+ 12. Qd2 Qxd2+ 13. Kxd2 Kf8 14.
Nc7 Rb8 15. Rc1 Nf6 16. f3 Kg7 17. Ncd5 g5 18. Nxf6 Kxf6 19. Nd5+ Kg7 20. Bc4
Rd8 21. Ke3 Be6 22. Rhd1 Ne7 23. Bb3 Nc6 24. g3 Rd7 25. f4 gxf4+ 26. gxf4 Rbd8
27. f5 Bxd5 28. Rxd5 Nb4 29. Rxd7 Rxd7 30. Rc3 Kf6 31. a3 Nc6 32. Kf4 Rd2 33.
Rc2 Rd4 34. Bd5 Ne7 35. Bxb7 Nxf5 36. Rc6+ Nd6 37. Rxd6+ Rxd6 38. e5+ Ke6 39.
exd6 Kxd6 1-0

[Event "Ä13Ï"]
[Site "Loo"]
[Date "2017.04.24"]
[Round "5.14"]
[White "Òóêòèíà, Äàðüÿ."]
[Black "Çàáàâñêàÿ, Äàðèÿ."]
[Result "1-0"]
[WhiteElo "1454"]
[BlackElo "1220"]
[PlyCount "99"]
[EventDate "2017.04.20"]

1. e4 e5 2. Nf3 Nf6 3. Nxe5 d6 4. Nf3 Nxe4 5. d4 d5 6. Bd3 Bd6 7. O-O O-O 8. c4
c6 9. Re1 Nf6 10. Nc3 Bg4 11. h3 Bh5 12. Bg5 Nbd7 13. cxd5 cxd5 14. Nxd5 h6 15.
Nxf6+ Nxf6 16. Be3 Re8 17. Bc4 Bb4 18. Rf1 Nd5 19. Qb3 Nxe3 20. fxe3 Bd6 21.
Ne5 Kh8 22. Bxf7 Bxe5 23. Bxe8 Qxe8 24. dxe5 Qxe5 25. Rae1 Rd8 26. Qc2 Qg3 27.
Rf2 Bg6 28. Qe2 Be4 29. Rf4 Bc6 30. Ref1 Rd6 31. Rg4 Qe5 32. Rf8+ Kh7 33. Qc2+
g6 34. Rgf4 Qxe3+ 35. Kh1 Rd7 36. R4f7+ Rxf7 37. Rxf7+ Kh8 38. Qxg6 Qe1+ 39.
Kh2 Qe5+ 40. Qg3 Qxg3+ 41. Kxg3 Kg8 42. Re7 a5 43. a3 b5 44. Ra7 Be8 45. Rxa5
h5 46. Kf4 Kg7 47. Kg5 Kh7 48. Ra7+ Kg8 49. g4 hxg4 50. hxg4 1-0

[Event "Ä13Ï"]
[Site "Loo"]
[Date "2017.04.24"]
[Round "5.17"]
[White "Çàðêîâà, Åëèçàâåòà."]
[Black "Øïàêèâñêàÿ, Àëèíà."]
[Result "0-1"]
[WhiteElo "1290"]
[BlackElo "1657"]
[PlyCount "112"]
[EventDate "2017.04.20"]

1. d4 b6 2. c4 Bb7 3. Nc3 e6 4. Nf3 Bb4 5. a3 Bxc3+ 6. bxc3 f5 7. Bg5 Nf6 8. e3
O-O 9. Bd3 d6 10. O-O Nbd7 11. Re1 Qe8 12. Bxf6 Nxf6 13. Nd2 Qf7 14. f3 Rad8
15. e4 f4 16. Qc2 g6 17. a4 Kh8 18. a5 Ra8 19. Reb1 Nd7 20. a6 Bc8 21. Qa4 Nf6
22. Qc6 Bd7 23. Qxc7 Qe7 24. e5 Ne8 25. exd6 Qg7 26. Qb7 Nf6 27. Ne4 Rfb8 28.
Nxf6 Rxb7 29. axb7 Rb8 30. Nxd7 Qxd7 31. Be4 Rxb7 32. Bxb7 Qxb7 33. c5 Kg7 34.
Ra4 Kf6 35. Rab4 Qc6 36. Rb5 g5 37. h3 h5 38. R1b3 bxc5 39. dxc5 g4 40. hxg4
hxg4 41. fxg4 f3 42. g5+ Kg6 43. gxf3 Qxf3 44. Rb7 Qd1+ 45. Kg2 Qd5+ 46. Kh3
Qf3+ 47. Kh2 Qh5+ 48. Kg1 Qxg5+ 49. Kf1 Qf4+ 50. Ke1 Qc1+ 51. Ke2 Qc2+ 52. Ke3
Qd1 53. d7 a5 54. c6 Qe1+ 55. Kd4 Qd1+ 56. Kc5 Qd5+ 0-1

[Event "Ä13Ï"]
[Site "Loo"]
[Date "2017.04.24"]
[Round "5.18"]
[White "Êîðæîâà, Ëèäèÿ."]
[Black "Ìàãèçîâà, ßíà."]
[Result "0-1"]
[WhiteElo "1295"]
[BlackElo "1610"]
[PlyCount "118"]
[EventDate "2017.04.20"]

1. e4 e5 2. Nc3 Bc5 3. Nf3 d6 4. d4 exd4 5. Nxd4 Nc6 6. Be3 Ne5 7. Be2 Ne7 8.
f4 N5g6 9. Qd2 c6 10. g3 Bd7 11. O-O-O a5 12. h4 a4 13. h5 Nf8 14. f5 a3 15. b3
Bb4 16. g4 Qa5 17. Nf3 Bxc3 18. Qxd6 Bb4 19. Qd3 c5 20. Ne5 c4 21. Nxc4 Qc7 22.
Bb6 Qc8 23. c3 Ra6 24. Qe3 Rxb6 25. Qxb6 Bc5 26. Qxc5 Qxc5 27. Nd6+ Qxd6 28.
Rxd6 Nc8 29. Rd4 Bc6 30. Rhd1 Nd7 31. Bc4 Ncb6 32. Bd5 Bxd5 33. exd5 O-O 34. c4
Re8 35. c5 Nxc5 36. Rb4 Nbd7 37. d6 Rc8 38. Kb1 Re8 39. Rc4 Ne4 40. Rb4 Nc3+
41. Kc2 Nxd1 42. Kxd1 Re5 43. Rxb7 Rd5+ 44. Kc2 Rxd6 45. Ra7 h6 46. Rxa3 Rd4
47. Ra8+ Kh7 48. a4 Rxg4 49. a5 Rg2+ 50. Kb1 Nc5 51. b4 Nd3 52. b5 Rb2+ 53. Ka1
Rxb5 54. a6 Nb4 55. Rf8 Rxf5 56. a7 Ra5+ 57. Kb2 Rxa7 58. Kb3 Nd5 59. Kc4 Nf4
0-1

[Event "Ä13Ï"]
[Site "Loo"]
[Date "2017.04.24"]
[Round "5.19"]
[White "Ëåáåäåâà, Óëüÿíà."]
[Black "Àí÷èêîâà, Îëüãà."]
[Result "1/2-1/2"]
[WhiteElo "1560"]
[BlackElo "1367"]
[PlyCount "84"]
[EventDate "2017.04.20"]

1. d4 Nf6 2. Nf3 g6 3. c4 Bg7 4. Nc3 O-O 5. e4 d6 6. Be2 e5 7. dxe5 dxe5 8. O-O
Nbd7 9. Qc2 c6 10. b3 Qc7 11. Rd1 Rd8 12. Ba3 Bf8 13. Bxf8 Rxf8 14. Rd2 Nc5 15.
Rad1 Bg4 16. Ne1 Bxe2 17. Rxe2 Rad8 18. Red2 Ne6 19. Nf3 Rd7 20. h3 Rfd8 21. b4
b6 22. a3 Kg7 23. Qb2 Rxd2 24. Rxd2 Rxd2 25. Qxd2 Qd7 26. Qe3 Qc7 27. Qd3 Qd8
28. Nxe5 Qxd3 29. Nxd3 Nd4 30. f3 Nc2 31. a4 Nd7 32. Nb1 Kf6 33. f4 Ke6 34. Kf2
Kd6 35. Ke2 Nd4+ 36. Ke3 Nc2+ 37. Kd2 Nd4 38. Na3 Nf6 39. Nf2 Kd7 40. Nc2 Nxc2
41. Kxc2 Ke6 42. Kd3 Nd7 1/2-1/2

[Event "Ä13Ï"]
[Site "Loo"]
[Date "2017.04.24"]
[Round "5.20"]
[White "Òóìàøåâè÷, Åëèçàâåòà."]
[Black "Ìîõàììàä, Äàðèíà."]
[Result "1-0"]
[WhiteElo "1506"]
[BlackElo "1211"]
[PlyCount "89"]
[EventDate "2017.04.20"]

1. d4 g6 2. c4 Bg7 3. Nf3 Nf6 4. Nc3 d5 5. e3 Bf5 6. Be2 c5 7. O-O cxd4 8. Nxd4
Bd7 9. cxd5 O-O 10. h3 Bc8 11. Bf3 a6 12. Qc2 Nbd7 13. Rd1 Ne5 14. e4 Nxf3+ 15.
Nxf3 b5 16. Be3 Bb7 17. Rac1 Rc8 18. a3 a5 19. Qd3 b4 20. axb4 axb4 21. Na4 Ra8
22. Nc5 Bc8 23. Ra1 Rb8 24. Nd4 Nd7 25. Nc6 Nxc5 26. Bxc5 Qc7 27. Nxb8 Qxc5 28.
Rac1 Qb6 29. Nc6 Bxb2 30. Nxe7+ Kg7 31. Rxc8 Rxc8 32. Nxc8 Qc7 33. Qb3 Bc3 34.
d6 Qxc8 35. d7 Qd8 36. Qc4 h6 37. Qc8 Bf6 38. e5 Bg5 39. Qc4 Qb6 40. Qd4 Qd8
41. Qxb4 Be7 42. Qxe7 Qxe7 43. d8=Q Qxe5 44. Qd4 Qxd4 45. Rxd4 1-0

[Event "Ä13Ï"]
[Site "Loo"]
[Date "2017.04.24"]
[Round "5.21"]
[White "Êóëìàãàìáåòîâà, Àéøà."]
[Black "Ëóêüÿí÷åíêî, Àëèñà."]
[Result "0-1"]
[WhiteElo "1289"]
[BlackElo "1463"]
[PlyCount "94"]
[EventDate "2017.04.20"]

1. d4 Nf6 2. c4 b6 3. Nc3 e6 4. Nf3 Bb4 5. Bd2 Bb7 6. e3 Be7 7. Bd3 O-O 8. O-O
d6 9. h3 Nbd7 10. Ng5 c5 11. Nge4 a6 12. Qe2 Qc7 13. b3 d5 14. Nxf6+ Bxf6 15.
dxc5 dxc4 16. Bc2 Nxc5 17. Qxc4 Qc6 18. f3 b5 19. Qg4 Rfd8 20. Be1 Nd3 21. Bxd3
Rxd3 22. Rd1 Rxc3 23. Bxc3 Qxc3 24. e4 Rc8 25. Qf4 Bd4+ 26. Kh1 e5 27. Qc1 Qa5
28. Qd2 Qxd2 29. Rxd2 Kf8 30. Kh2 Ke8 31. Rfd1 Kd7 32. f4 Ke6 33. f5+ Ke7 34.
Re2 Kd7 35. Kg3 Rc3+ 36. Kh2 Kc7 37. Rdd2 Kb6 38. h4 Ka5 39. Rb2 Kb4 40. g3 Ka3
41. Kg2 Rxg3+ 42. Kxg3 Bxb2 43. Rc2 Bxe4 44. Rc7 Bxf5 45. Rxf7 Bg6 46. Rxg7 Bd4
47. Ra7 Bxa7 0-1

[Event "Ä13Ï"]
[Site "Loo"]
[Date "2017.04.24"]
[Round "5.22"]
[White "Êîâòóí, Òàòüÿíà."]
[Black "Ãóðîâà, Òàòüÿíà."]
[Result "1-0"]
[WhiteElo "1459"]
[BlackElo "1348"]
[PlyCount "87"]
[EventDate "2017.04.20"]

1. e4 e6 2. d4 d5 3. e5 c5 4. c3 Nc6 5. Nf3 Qb6 6. a3 Bd7 7. Be2 cxd4 8. cxd4
Nge7 9. b4 Nf5 10. Be3 Rc8 11. O-O Be7 12. Kh1 O-O 13. Bd3 a6 14. Qd2 f6 15.
Bxf5 exf5 16. Nc3 Be6 17. exf6 Bxf6 18. Rad1 Qd8 19. Bg5 h6 20. Bxf6 Qxf6 21.
Rfe1 Rfe8 22. Ne5 Bf7 23. Nxc6 Qxc6 24. Rxe8+ Rxe8 25. Rc1 Qe6 26. Kg1 b5 27.
Kf1 Qd6 28. Kg1 Rc8 29. Ne2 Rc4 30. Rd1 Qc6 31. Rc1 Bh5 32. f3 Qd7 33. Nf4 Bf7
34. Nd3 Rxc1+ 35. Qxc1 Qe7 36. Ne5 Kh7 37. f4 Qa7 38. Qc5 Qb7 39. g3 Kg8 40.
Kg2 Kh7 41. Qf8 Bh5 42. Qxf5+ Kg8 43. Qxh5 Qb6 44. Qf7+ 1-0

[Event "Ä13Ï"]
[Site "Loo"]
[Date "2017.04.24"]
[Round "5.23"]
[White "Áîæåíîâà, Âåðîíèêà."]
[Black "Ãàåð, Ìàðãàðèòà."]
[Result "0-1"]
[WhiteElo "1283"]
[BlackElo "1421"]
[PlyCount "58"]
[EventDate "2017.04.20"]

1. Nf3 d5 2. g3 e6 3. Bg2 f5 4. O-O Nf6 5. d4 Bd6 6. c4 c6 7. b3 O-O 8. Nc3 Bd7
9. Bb2 Be8 10. Rc1 Nbd7 11. e3 Bh5 12. Qc2 Ne4 13. Nxe4 fxe4 14. Ne1 Qg5 15.
Qd2 Bf3 16. Nxf3 exf3 17. Bh3 Qh6 18. Bg4 Rf6 19. cxd5 cxd5 20. h4 Qg6 21. Bh3
Bxg3 22. fxg3 Qxg3+ 23. Kh1 Qxh3+ 24. Qh2 Qg4 25. Rg1 Qe4 26. Qf2 Rh6 27. Rg3
Qxh4+ 28. Rh3 Qxh3+ 29. Kg1 Qh1# 0-1

[Event "Ä13Ï"]
[Site "Loo"]
[Date "2017.04.24"]
[Round "5.24"]
[White "Äåíùèê, Àëåêñàíäðà."]
[Black "Òóëàåâà, Ìàðèÿ."]
[Result "1/2-1/2"]
[WhiteElo "1266"]
[BlackElo "1418"]
[PlyCount "94"]
[EventDate "2017.04.20"]

1. e4 c5 2. d4 cxd4 3. c3 dxc3 4. Nxc3 Nc6 5. Bc4 e6 6. Nf3 Bb4 7. Qb3 Nge7 8.
O-O O-O 9. a3 Bxc3 10. Qxc3 a6 11. b4 b5 12. Bb3 Bb7 13. Rd1 Qc7 14. Bb2 f6 15.
Nd4 Rfc8 16. Rac1 Qb6 17. Qg3 Kh8 18. Qd6 Qc7 19. Nxc6 Qxd6 20. Rxd6 Bxc6 21.
f3 h6 22. Rc5 Ra7 23. Rh5 Kh7 24. Bc2 Rac7 25. Rc5 Bb7 26. e5+ f5 27. Rxc7 Rxc7
28. Bb3 Nc8 29. Rd4 Nb6 30. Rd6 Nc8 31. Rd4 Ne7 32. Rd6 Kg8 33. Rxd7 Rxd7 34.
Bxe6+ Kf8 35. Bxd7 Bc8 36. Bxc8 Nxc8 37. Bd4 g5 38. Kf2 Ke7 39. Ke3 Ke6 40. g3
Ne7 41. f4 Nd5+ 42. Kf3 g4+ 43. Ke2 h5 44. Kd3 Ne7 45. Bc5 Nc6 46. Bd6 Kd5 47.
Bc5 Ke6 1/2-1/2

[Event "Ä13Ï"]
[Site "Loo"]
[Date "2017.04.24"]
[Round "5.25"]
[White "Áî÷àðîâà, Äàðüÿ."]
[Black "Ñìàëåâà, Ñòàíèñëàâà."]
[Result "0-1"]
[WhiteElo "1094"]
[BlackElo "1397"]
[PlyCount "88"]
[EventDate "2017.04.20"]

1. e4 e5 2. Nf3 Nc6 3. Bc4 Bc5 4. c3 Nf6 5. O-O O-O 6. d4 exd4 7. cxd4 Be7 8.
d5 Nb8 9. e5 Ne8 10. Nd4 d6 11. e6 fxe6 12. Nxe6 Bxe6 13. dxe6 Nf6 14. Qf3 d5
15. Bb3 c6 16. Re1 Na6 17. Bc2 Ne4 18. Qh5 g6 19. Qe5 Bd6 20. Qd4 Bc5 21. Qe5
Bxf2+ 22. Kf1 Bxe1+ 23. Kxe1 Qf6 24. Qxf6 Nxf6 25. Bg5 Kg7 26. Bd3 Nc5 27. Bc2
Nxe6 28. Bd2 Rae8 29. Bc3 Nd4+ 30. Kd1 Nxc2 31. Kxc2 Re2+ 32. Kd1 Rxg2 33. Na3
Rxh2 34. Nc2 Kg8 35. Ne1 Ne4 36. Rc1 Nxc3+ 37. Rxc3 Rxb2 38. Rc1 Rxa2 39. Rb1
b6 40. Rc1 c5 41. Rc2 Rxc2 42. Nxc2 h5 43. Ne3 d4 44. Nc4 h4 0-1

[Event "Ä13Ï"]
[Site "Loo"]
[Date "2017.04.24"]
[Round "5.26"]
[White "Õîþð-Îîë, Àðûÿíà."]
[Black "Âåòîõèíà, Ñîôüÿ."]
[Result "1/2-1/2"]
[WhiteElo "1391"]
[BlackElo "1333"]
[PlyCount "134"]
[EventDate "2017.04.20"]

1. d4 d5 2. Nf3 Bg4 3. Bg5 h6 4. Bh4 Bxf3 5. exf3 c6 6. Nd2 Qb6 7. Nb3 Nd7 8.
Bd3 e6 9. c3 Be7 10. Bxe7 Nxe7 11. Qc2 c5 12. dxc5 Nxc5 13. Nxc5 Qxc5 14. Qb3
Qc7 15. a4 O-O 16. O-O Nc6 17. Rfe1 Rac8 18. g3 Ne5 19. Be2 b6 20. f4 Nc4 21.
Bd3 Nd2 22. Qd1 Nc4 23. Ra2 Nd6 24. Bc2 Qc4 25. Bb3 Qc5 26. Rf1 Rfd8 27. Kg2
Qc6 28. Kg1 Qc5 29. Qh5 Ne4 30. Qe2 Nd6 31. Qd3 Rc7 32. Raa1 Nc4 33. Bxc4 Qxc4
34. Qxc4 Rxc4 35. Rfe1 g6 36. Red1 Kf8 37. Kg2 Ke7 38. Kf3 d4 39. cxd4 Rdxd4
40. Rxd4 Rxd4 41. Ke3 Rb4 42. Ra2 Kd6 43. Kd2 Kc5 44. Kc3 Rc4+ 45. Kb3 Re4 46.
Ra1 Re2 47. Rc1+ Kd6 48. Rd1+ Ke7 49. Rf1 Kf6 50. h3 Kf5 51. Kc3 Ke4 52. b4 Kf3
53. Kc4 Rc2+ 54. Kb5 Ra2 55. Rd1 a6+ 56. Kxa6 Rxa4+ 57. Kb5 Ra8 58. Rd7 Kxf2
59. Rxf7 Kxg3 60. Rf6 Rb8 61. Rxg6+ Kxf4 62. Rxe6 h5 63. Rxb6 Re8 64. Ka6 Kg3
65. Rh6 h4 66. Rg6+ Kxh3 67. b5 Kh2 1/2-1/2

[Event "Ä13Ï"]
[Site "Loo"]
[Date "2017.04.24"]
[Round "5.27"]
[White "Íîâîæèëîâà, Ïîëèíà."]
[Black "Ôîðîñòÿíàÿ, Ñîôèÿ."]
[Result "0-1"]
[WhiteElo "1559"]
[BlackElo "1179"]
[PlyCount "70"]
[EventDate "2017.04.20"]

1. a3 e5 2. c4 d6 3. b4 a6 4. Bb2 Be6 5. e3 Nf6 6. Nc3 Be7 7. Nf3 O-O 8. Be2
Nbd7 9. O-O c5 10. bxc5 Nxc5 11. d4 exd4 12. exd4 Nce4 13. Nxe4 Nxe4 14. Bd3 d5
15. Bxe4 dxe4 16. Nd2 f5 17. d5 Bf7 18. Rb1 b5 19. Be5 Bxa3 20. Qb3 Bd6 21. Bd4
bxc4 22. Nxc4 Bxd5 23. Qc3 Rc8 24. Bxg7 Rxc4 25. Qa1 Rf7 26. Rfd1 Rxg7 27. Rxd5
Bxh2+ 28. Kxh2 Qxd5 29. Rd1 Qc6 30. Qe5 Qc7 31. Rd6 Re7 32. Qd5+ Kg7 33. g3 Qc5
34. Qd2 e3 35. Qb2+ Qe5 0-1

[Event "Ä13Ï"]
[Site "Loo"]
[Date "2017.04.24"]
[Round "5.28"]
[White "Èâàíîâà, ßðîñëàâà."]
[Black "Êóðãàíîâà, Åëåíà."]
[Result "0-1"]
[WhiteElo "1238"]
[BlackElo "1453"]
[PlyCount "36"]
[EventDate "2017.04.20"]

1. d4 Nf6 2. Nf3 g6 3. g3 Bg7 4. Bg2 d6 5. O-O O-O 6. c4 c5 7. Nc3 cxd4 8. Nxd4
a6 9. h3 Qc7 10. b3 Bd7 11. Bb2 e6 12. e3 Nc6 13. Nxc6 Bxc6 14. Bxc6 Qxc6 15.
Qe2 Rad8 16. Rac1 Nd7 17. Rfd1 Ne5 18. Kf1 Qh1# 0-1

[Event "Ä13Ï"]
[Site "Loo"]
[Date "2017.04.24"]
[Round "5.29"]
[White "Êèñåëåâà, Àëèíà."]
[Black "Èâàíîâà, Äàðüÿ."]
[Result "1/2-1/2"]
[WhiteElo "1377"]
[BlackElo "1224"]
[PlyCount "74"]
[EventDate "2017.04.20"]

1. e4 e5 2. Nf3 Nc6 3. Bb5 a6 4. Ba4 Nf6 5. O-O Be7 6. Re1 b5 7. Bb3 O-O 8. c3
d5 9. exd5 Nxd5 10. Nxe5 Nxe5 11. Rxe5 c6 12. Bxd5 cxd5 13. d4 Bd6 14. Re3 Qh4
15. h3 Bf4 16. Rf3 Bd6 17. Re3 Bd7 18. Na3 Rfe8 19. Bd2 h6 20. Qf3 Be6 21. Nc2
Rac8 22. Re2 a5 23. Ne3 a4 24. Ree1 Bc7 25. Nxd5 Bd6 26. Nf4 Bd7 27. Rxe8+ Rxe8
28. Nd3 Be6 29. Re1 Qd8 30. Qe3 Re7 31. Nc1 Rc7 32. Qe2 Re7 33. b3 axb3 34.
axb3 Qd7 35. Qd1 Qc7 36. Ne2 Bxb3 37. Qb1 Bc4 {äàëåå çàïèñü íåðàçáîð~~èâà}
1/2-1/2

[Event "Ä13Ï"]
[Site "Loo"]
[Date "2017.04.24"]
[Round "5.30"]
[White "Ãóíüêî, Âàëåðèÿ."]
[Black "Ñîáëèðîâà, Ñàáèíà."]
[Result "0-1"]
[WhiteElo "1371"]
[BlackElo "1114"]
[PlyCount "162"]
[EventDate "2017.04.20"]

1. d4 Nf6 2. Nf3 c5 3. d5 d6 4. c4 e6 5. dxe6 Bxe6 6. b3 Nc6 7. Bb2 Be7 8. g3
O-O 9. Bg2 Qd7 10. O-O h6 11. Nc3 Bh3 12. Qd2 Bxg2 13. Kxg2 Rac8 14. Nd5 Nxd5
15. Qxd5 Nb4 16. Qd2 Qc6 17. Kg1 Qe4 18. a3 Nc6 19. Rad1 Rfd8 20. Qd3 Qe6 21.
Kg2 Rc7 22. Rfe1 Rcd7 23. e4 Bf6 24. Bxf6 Qxf6 25. Qc2 a6 26. Rd3 Ne5 27. Nxe5
dxe5 28. Red1 Qc6 29. Rxd7 Rxd7 30. Rd5 Re7 31. Qc3 b6 32. Qd3 f6 33. Rd8+ Kh7
34. Qd6 Qb7 35. f3 Rc7 36. Qf8 Re7 37. Qg8+ Kg6 38. Qd5 Qc7 39. Qd6 Qa7 40. Qb8
Qxb8 41. Rxb8 Re6 42. Rd8 Re7 43. Rd6 Rb7 44. a4 b5 45. axb5 axb5 46. Rc6 bxc4
47. bxc4 Rb2+ 48. Kg1 Rb3 49. Rxc5 Rxf3 50. Rc8 Re3 51. c5 Rxe4 52. c6 Rc4 53.
Rc7 Kf5 54. Kf2 g5 55. Rc8 Ke6 56. Ke3 f5 57. Rh8 Kd5 58. Rxh6 Rxc6 59. Rh5 f4+
60. gxf4 gxf4+ 61. Kd2 Ke4 62. Ke2 Rc2+ 63. Ke1 Kd4 64. Rh4 Ke3 65. Rh3+ f3 66.
Kd1 Rd2+ 67. Ke1 e4 68. Rg3 Rxh2 69. Kd1 Kf4 70. Rg1 Ra2 71. Rg8 Ke3 72. Rg3
Kf2 73. Rh3 Kg2 74. Rh6 f2 75. Rg6+ Kf3 76. Rf6+ Ke3 77. Kc1 Ke2 78. Kb1 Rd2
79. Kc1 e3 80. Kb1 f1=Q+ 81. Rxf1 Kxf1 0-1

[Event "Ä13Ï"]
[Site "Loo"]
[Date "2017.04.24"]
[Round "5.31"]
[White "Êîñà÷åâà, Êðèñòèíà."]
[Black "Ïåõîòî, Àëåêñàíäðà."]
[Result "1-0"]
[WhiteElo "1364"]
[BlackElo "1101"]
[PlyCount "53"]
[EventDate "2017.04.20"]

1. d4 Nf6 2. e3 g6 3. Nf3 Bg7 4. g3 O-O 5. Bg2 d6 6. O-O c5 7. c4 Nc6 8. Nc3
cxd4 9. exd4 e5 10. d5 Ne7 11. Re1 Bf5 12. Qb3 b6 13. Bd2 Qc7 14. Nb5 Qb8 15.
Bb4 Nc8 16. Nxe5 Nxd5 17. Nc6 Qb7 18. Nxd6 Nxd6 19. Bxd6 Rfe8 20. Kf1 Bd7 21.
Ne7+ Kh8 22. c5 Bb5+ 23. Kg1 bxc5 24. a4 c4 25. Qb4 Bxa4 26. Qxb7 Bd7 27. Ra6
1-0

[Event "Ä13Ï"]
[Site "Loo"]
[Date "2017.04.24"]
[Round "5.32"]
[White "Êèðüÿíîâà, Åâãåíèÿ."]
[Black "Àéðàïåòÿí, Àíæåëèêà."]
[Result "0-1"]
[WhiteElo "1198"]
[BlackElo "1362"]
[PlyCount "86"]
[EventDate "2017.04.20"]

1. c4 e6 2. Nc3 d5 3. g3 dxc4 4. Bg2 Nd7 5. e3 a6 6. a4 Nc5 7. f4 Nd3+ 8. Kf1
Nf6 9. Nh3 e5 10. Nf2 exf4 11. Nxd3 Qxd3+ 12. Qe2 Qxe2+ 13. Nxe2 fxe3 14. dxe3
Bd6 15. Nf4 Rb8 16. Bd2 O-O 17. Bc3 Ng4 18. Re1 Re8 19. e4 Bc5 20. Nh5 f6 21.
h3 Ne3+ 22. Rxe3 Bxe3 23. Ke2 Ba7 24. Rf1 Kh8 25. g4 Be6 26. g5 Bf7 27. Ng3 Bg6
28. gxf6 gxf6 29. Rxf6 Kg8 30. e5 Rf8 31. Bd5+ Kg7 32. Kf3 b5 33. Kg4 b4 34.
Rxf8 Kxf8 35. Bd2 Bd4 36. Bh6+ Ke8 37. e6 Bxb2 38. Bxc4 Bf6 39. Nf5 b3 40. Bd3
b2 41. h4 Rb4+ 42. Bf4 h5+ 43. Kg3 Rb3 0-1

[Event "Ä13Ï"]
[Site "Loo"]
[Date "2017.04.24"]
[Round "5.34"]
[White "×àðêèíà, Ìàðèÿ."]
[Black "Ñóìàðîêîâà, Âåðà."]
[Result "1-0"]
[WhiteElo "1151"]
[BlackElo "1300"]
[PlyCount "109"]
[EventDate "2017.04.20"]

1. f4 d5 2. g3 Nf6 3. Bg2 Bf5 4. Nf3 Nc6 5. b3 e6 6. Bb2 Bc5 7. a3 Qe7 8. e3
O-O 9. O-O Rad8 10. Kh1 b5 11. h3 Ne4 12. Qe1 a6 13. d3 Nf6 14. Nbd2 Rfe8 15.
g4 Bg6 16. Rf2 h5 17. g5 Nh7 18. Nh4 Bf5 19. Nf1 g6 20. Ng3 Bb6 21. Re2 e5 22.
Nhxf5 gxf5 23. Nxf5 Qd7 24. Ng3 exf4 25. exf4 Rxe2 26. Qxe2 h4 27. Nh5 Re8 28.
Qf3 Nd4 29. Qxd5 Qxd5 30. Bxd5 Nxc2 31. Rc1 Ne3 32. Be4 Re6 33. Nf6+ Nxf6 34.
Bxf6 Kf8 35. Bd8 Ke8 36. Bxc7 Bxc7 37. Rxc7 Nf1 38. Kg2 Nd2 39. Bd5 Re1 40. Kf2
Rf1+ 41. Ke2 Rxf4 42. Kxd2 Rf2+ 43. Kc3 Rh2 44. Bxf7+ Kd8 45. Ra7 Rxh3 46. Be6
Rg3 47. Rh7 Rxg5 48. Rxh4 Rc5+ 49. Kd4 Rc2 50. Rh7 Ra2 51. Kc5 Rxa3 52. Ra7 Ke8
53. Kb6 b4 54. Rxa6 Rxa6+ 55. Kxa6 1-0

[Event "Ä13Ï"]
[Site "Loo"]
[Date "2017.04.24"]
[Round "5.35"]
[White "Øåâöîâà, Ñòåôàíèÿ."]
[Black "Ïåòðîâà, Àíæåëèêà."]
[Result "0-1"]
[WhiteElo "1096"]
[BlackElo "1241"]
[PlyCount "70"]
[EventDate "2017.04.20"]

1. e4 c5 2. c3 d5 3. e5 Nc6 4. d4 e6 5. Nf3 cxd4 6. cxd4 Bb4+ 7. Nc3 Nge7 8.
Bd3 O-O 9. O-O a6 10. Ne2 b5 11. Ng3 Bb7 12. Bc2 Ng6 13. Qd3 Be7 14. a3 Na5 15.
b3 Rc8 16. Bd2 Nc6 17. b4 Nb8 18. Rac1 Nd7 19. Bb3 Rxc1 20. Rxc1 Nb6 21. h3 Nc4
22. a4 Qd7 23. axb5 axb5 24. Bxc4 dxc4 25. Qc3 Rd8 26. Bg5 Bxg5 27. Nxg5 Qxd4
28. Ne2 Qxc3 29. Nxc3 Bc6 30. f4 h6 31. Nge4 Bxe4 32. Nxe4 Nxf4 33. Nd6 Ne2+
34. Kh2 Nxc1 35. Nxb5 Nd3 0-1

[Event "Ä13Ï"]
[Site "Loo"]
[Date "2017.04.24"]
[Round "5.36"]
[White "Îíäàð, Øóðó."]
[Black "Âîëîáóåâà, Àíàñòàñèÿ."]
[Result "1-0"]
[WhiteElo "1449"]
[BlackElo "1137"]
[PlyCount "139"]
[EventDate "2017.04.20"]

1. d4 Nf6 2. c4 g6 3. Nc3 Bg7 4. e3 d6 5. Bd3 c6 6. Nge2 Nbd7 7. O-O b6 8. b3
Bb7 9. Bb2 a5 10. Qc2 c5 11. d5 Ne5 12. Rae1 h5 13. Nc1 h4 14. f4 Neg4 15. Qe2
h3 16. g3 Qd7 17. e4 Nh5 18. Rf3 O-O-O 19. Na4 Kc7 20. Bxg7 Nxg7 21. a3 e6 22.
Na2 Rde8 23. N2c3 Ba6 24. Rff1 f5 25. dxe6 Nxe6 26. Nd5+ Kb7 27. Naxb6 Qf7 28.
Qd2 Nd4 29. Na4 Kc6 30. Qxa5 Qb7 31. Qc3 Qxb3 32. Qxb3 Nxb3 33. Re2 Nd4 34. Rb2
Bc8 35. Nac3 Ne3 36. Rfb1 Nxd5 37. cxd5+ Kd7 38. exf5 gxf5 39. Nb5 Rhg8 40.
Nxd4 cxd4 41. Bb5+ Kd8 42. Bxe8 Rxe8 43. Kf2 d3 44. Rd1 Ba6 45. Rb8+ Kd7 46.
Rxe8 Kxe8 47. Kf3 Kd7 48. g4 fxg4+ 49. Kxg4 Ke7 50. Kxh3 Kf6 51. Kg4 Bc8+ 52.
Kg3 Ba6 53. h4 Kf5 54. h5 Bb5 55. a4 Ba6 56. Kf3 Bc4 57. Ke3 Ba6 58. Rxd3 Bxd3
59. Kxd3 Kxf4 60. h6 Ke5 61. h7 Kxd5 62. h8=Q Kc6 63. Qd4 d5 64. a5 Kb5 65.
Qxd5+ Ka6 66. Qb3 Kxa5 67. Kc4 Ka6 68. Kc5 Ka7 69. Kc6 Ka8 70. Qb7# 1-0